000 01354nam a2200253Ia 4500
003 Ost
005 20260507075256.0
008 260507s9999||||xx |||||||||||||| ||und||
020 _a2103169957
040 _cfsecg
041 _aara
082 _a330
100 _aالمصري، تيسير
_eمؤلف
245 0 _aمحاسبة شركات الاشخاص :
_bإطارها الفكري وتطبيقاتها العلمية /
_c تيسير المصري
260 _aعمان:
_bدار الثقافة,
_c2006
300 _a519 صفحة؛
_bإيضاحات ؛
_c25 سم
504 _aالمراجع ص.511 (اقتناءات 2014 3ن)
520 _aظهور الشركات و مفهومها ، المعالجات المحاسبية لتكوين شركات التضامن و المعالجات المتعلقة بحقوق الشركاء في شركات التضامن مع تعديل عقد شركة التضامن و الحسابات الختامية و القوائم المالية في شركات التضامن و تصفية شركات التضامن و محاسبة شركات التوصية البسيطة و أخيرا محاسبة شركات المحاصة .
653 _aالشركات
653 _aالمحاسبة
653 _aمحاسبة الشركات
700 _aجريرة، طلال
_eمؤلف ثانوي
942 _cكتاب
999 _c43738
_d43738